000
00281nam a22001217a 4500
020
_a
81-8023-023-6
082
_a
823
_b
DSP/S
245
_a
THE STORY OF BLACK BEAUTY
260
_a
DELHI
_b
D S PUBLISHERS
520
_a
ENGLISH SHORT STORY
650
_a
ENGLISH SHORT STORY
942
_c
BK
999
_c
5458
_d
5458